[Event "SC Sendenhorst 1 - Schach Nienberge 2"]
[Site "Verbandsklasse 2016/2017"]
[Date "2016.12.10"]
[Round "4.4"]
[White "Füllborn, Dietrich"]
[Black "Dirks, Frank"]
[Result "1-0"]
[WhiteElo "1669"]
[BlackElo "1782"]
[PlyCount "73"]
[EventDate "2016.??.??"]
[SourceDate "2016.10.13"]

1. d4 g6 2. Nf3 d6 3. g3 Nc6 4. Bg2 Bg7 5. O-O Nh6 6. Bxh6 Bxh6 7. d5 Nb8 8.
Qd4 O-O 9. c4 c5 10. Qd3 Bg7 11. Nc3 Nd7 12. e4 Ne5 13. Nxe5 Bxe5 14. a3 Bd7
15. Rab1 a6 16. Rfe1 Rb8 17. b4 b6 18. b5 a5 19. Ne2 Qc8 20. Kh1 Bg4 21. f3 Bh3
22. f4 Bg7 23. Ng1 Bxg2+ 24. Kxg2 Qc7 25. Nf3 Rbe8 26. e5 f6 27. exd6 exd6 28.
Re3 Qd7 29. Rbe1 Kf7 30. Re6 Qd8 31. f5 g5 32. Qe4 h5 33. Qe2 g4 34. Nh4 Qd7
35. Ng6 Rg8 36. Re7+ Rxe7 37. Qxe7+ 1-0

[Event "SC Sendenhorst 1 - Schach Nienberge 2"]
[Site "Verbandsklasse 2016/2017"]
[Date "2016.12.10"]
[Round "4.5"]
[White "Van de Vyle, Jan"]
[Black "Weng, Peter"]
[Result "1/2-1/2"]
[WhiteElo "1753"]
[BlackElo "1717"]
[PlyCount "52"]
[EventDate "2016.??.??"]
[SourceDate "2016.10.13"]

1. e4 e6 2. d4 d5 3. Nc3 Bb4 4. e5 c5 5. Bd2 Bd7 6. Nb5 Bxb5 7. Bxb5+ Nc6 8. c3
Ba5 9. Qg4 Nge7 10. dxc5 O-O 11. Nf3 d4 12. O-O dxc3 13. bxc3 Nxe5 14. Nxe5
Qxd2 15. Nd7 Rfd8 16. Rad1 Qxc3 17. Rd3 Qb4 18. Bc4 Ng6 19. a3 Qa4 20. Bxe6
Qxg4 21. Bxg4 Nf8 22. Rfd1 g6 23. Bf3 Nxd7 24. Rxd7 Rab8 25. Kf1 Kf8 26. Rxd8+
Bxd8 1/2-1/2

[Event "SC Sendenhorst 1 - Schach Nienberge 2"]
[Site "Verbandsklasse 2016/2017"]
[Date "2016.12.10"]
[Round "4.6"]
[White "Westhues, Ralf"]
[Black "Scharlow, Siegmar"]
[Result "1/2-1/2"]
[WhiteElo "1603"]
[BlackElo "1719"]
[PlyCount "50"]
[EventDate "2016.??.??"]
[SourceDate "2016.10.13"]

1. Nf3 d5 2. c4 Nf6 3. g3 dxc4 4. Qa4+ Nc6 5. Qxc4 e5 6. Bg2 Bd6 7. O-O O-O 8.
Nc3 a6 9. d3 h6 10. Rd1 Be6 11. Qa4 b5 12. Qc2 Nb4 13. Qb1 c5 14. Ne1 Rc8 15.
Nc2 Nbd5 16. Nxd5 Bxd5 17. Ne3 Bxg2 18. Kxg2 Qd7 19. b3 Rfe8 20. Bb2 Ng4 21.
Nxg4 Qxg4 22. Qc2 Bb8 23. a4 b4 24. f3 Qe6 25. Qc4 Ba7 1/2-1/2

[Event "SC Sendenhorst 1 - Schach Nienberge 2"]
[Site "Verbandsklasse 2016/2017"]
[Date "2016.12.10"]
[Round "4.7"]
[White "Schulte Austum, Frank"]
[Black "Elmenhorst, Bernd"]
[Result "1/2-1/2"]
[WhiteElo "1735"]
[BlackElo "1487"]
[PlyCount "134"]
[EventDate "2016.??.??"]
[SourceDate "2016.10.13"]

1. d4 g6 2. Nf3 d6 3. c3 Bg7 4. e4 Bg4 5. h3 Bxf3 6. Qxf3 Nd7 7. Bc4 Ngf6 8.
Be3 c6 9. Nd2 O-O 10. O-O b5 11. Bb3 Qc7 12. a4 a6 13. Qe2 Rab8 14. axb5 axb5
15. f4 e5 16. dxe5 dxe5 17. f5 Kh8 18. g4 Qc8 19. Kh2 Rb7 20. g5 Nh5 21. f6
Bxf6 22. gxf6 Ndxf6 23. Bg5 Ng8 24. Qf2 h6 25. Be3 Kg7 26. Qh4 c5 27. Bd5 Rd7
28. Rf3 Ne7 29. Ra8 Qc7 30. Rxf8 Nxd5 31. R8xf7+ Rxf7 32. Rxf7+ Qxf7 33. exd5
g5 34. Qg4 Nf6 35. Qe6 Nxd5 36. Qxf7+ Kxf7 37. Bxc5 Ke6 38. Ne4 Nc7 39. Kg2 Kd5
40. Kf3 h5 41. Be7 g4+ 42. hxg4 hxg4+ 43. Ke3 Ke6 44. Bh4 Nd5+ 45. Kf2 Nc7 46.
Nf6 Kd6 47. Nxg4 Kd5 48. Bg3 Na6 49. Nxe5 Nc5 50. Ke3 Na4 51. Nd3 Kc4 52. Bd6
Nxb2 53. Nxb2+ Kxc3 54. Be5+ Kc2 55. Nd3 Kb3 56. Kd4 Kc2 57. Nb4+ Kd2 58. Nd5
Ke2 59. Ke4 Kf2 60. Bd6 Kg2 61. Ne3+ Kf2 62. Ng4+ Ke2 63. Ne5 b4 64. Bxb4 Kf2
65. Kf4 Ke2 66. Bc5 Kd2 67. Ke4 Kc3 1/2-1/2

[Event "SC Sendenhorst 1 - Schach Nienberge 2"]
[Site "Verbandsklasse 2016/2017"]
[Date "2016.12.10"]
[Round "4.8"]
[White "Szyplakowski, Janusz"]
[Black "Jörgensmann, Rolf"]
[Result "0-1"]
[WhiteElo "1066"]
[BlackElo "1654"]
[PlyCount "102"]
[EventDate "2016.??.??"]
[SourceDate "2016.10.13"]

1. d4 d5 2. Bf4 e6 3. Nf3 Bd6 4. Bg3 Bxg3 5. hxg3 Nc6 6. c3 Qf6 7. e3 Bd7 8.
Nbd2 e5 9. e4 exd4 10. exd5 dxc3 11. dxc6 cxd2+ 12. Qxd2 Bxc6 13. Be2 Ne7 14.
O-O O-O 15. Qc3 Qxc3 16. bxc3 Nd5 17. Rac1 Rfe8 18. Nd4 Bd7 19. Bf3 c6 20. c4
Nf6 21. Rfd1 Bg4 22. Rd2 h6 23. Rdc2 Rad8 24. Nb3 Bxf3 25. gxf3 Re7 26. Kg2 b6
27. c5 b5 28. a3 Rd3 29. Rc3 Rxc3 30. Rxc3 Nd5 31. Rc2 Re3 32. Na5 Rxa3 33.
Nxc6 b4 34. Nd4 Rc3 35. Rxc3 bxc3 36. Nc2 Kf8 37. Kf1 Ke7 38. Ke2 Kd7 39. Nd4
Nb4 40. Kd1 a5 41. c6+ Nxc6 42. Nxc6 Kxc6 43. Kc2 Kc5 44. Kxc3 a4 45. Kb2 Kd4
46. Ka3 Kd3 47. Kxa4 Ke2 48. Kb4 Kxf3 49. g4 Kxg4 50. Kc4 Kf3 51. Kd4 h5 0-1

[Event "SF Neuenkirchen 2 - SF Beelen 2"]
[Site "Verbandsklasse 2016/2017"]
[Date "2016.12.10"]
[Round "4.1"]
[White "Fuisting, Dominik"]
[Black "Santos Brito, Daniel"]
[Result "1/2-1/2"]
[WhiteElo "1737"]
[BlackElo "1936"]
[PlyCount "29"]
[EventDate "2016.??.??"]
[SourceDate "2016.10.13"]

1. d4 g6 2. e3 Bg7 3. c3 c5 4. Bd3 cxd4 5. exd4 Nf6 6. f4 d5 7. Nf3 Ne4 8. O-O
O-O 9. Nbd2 f5 10. Ne5 Nc6 11. Rf3 Nxe5 12. fxe5 Qb6 13. Qb3 Qxb3 14. axb3 Bh6
15. Nf1 1/2-1/2

[Event "SF Neuenkirchen 2 - SF Beelen 2"]
[Site "Verbandsklasse 2016/2017"]
[Date "2016.12.10"]
[Round "4.2"]
[White "Nordholt, Uwe"]
[Black "Hanewinkel, Christian"]
[Result "1-0"]
[WhiteElo "1895"]
[BlackElo "1672"]
[PlyCount "103"]
[EventDate "2016.??.??"]
[SourceDate "2016.10.13"]

1. d4 Nf6 2. c4 c5 3. d5 b5 4. cxb5 a6 5. bxa6 g6 6. Nc3 Bxa6 7. e4 Bxf1 8.
Kxf1 d6 9. Nf3 Bg7 10. h3 Nbd7 11. Qe2 Qb8 12. g4 Qb4 13. a3 Qb7 14. Bf4 O-O
15. Kg2 Rfb8 16. Rab1 Ra6 17. Rhd1 Rb6 18. e5 dxe5 19. Nxe5 Nxe5 20. Bxe5 Rd8
21. f3 Nxd5 22. Nxd5 Rxd5 23. Rxd5 Qxd5 24. Rd1 Qe6 25. Rd8+ Bf8 26. Qe4 f6 27.
Bc3 Qxe4 28. fxe4 Rb3 29. Rc8 e5 30. a4 Kf7 31. Rc7+ Kg8 32. a5 Rb8 33. a6 Ra8
34. a7 h5 35. gxh5 gxh5 36. Rb7 Bd6 37. Ba5 c4 38. Bc7 Bf8 39. Kg3 Kh7 40.
Bxe5+ Kg6 41. Bd4 Bd6+ 42. Kf3 Be5 43. Bxe5 fxe5 44. h4 Kf6 45. Ke3 Ke6 46.
Rb6+ Kd7 47. Rh6 Kc7 48. Rxh5 Kd6 49. Rh7 Kc5 50. h5 Kd6 51. h6 Kc6 52. Rg7 1-0

[Event "SF Neuenkirchen 2 - SF Beelen 2"]
[Site "Verbandsklasse 2016/2017"]
[Date "2016.12.10"]
[Round "4.3"]
[White "Hofene, Werner"]
[Black "Rengers, Rainer"]
[Result "1-0"]
[WhiteElo "1749"]
[BlackElo "1752"]
[PlyCount "59"]
[EventDate "2016.??.??"]
[SourceDate "2016.10.13"]

1. f4 d5 2. Nf3 Nc6 3. b3 Bf5 4. e3 a6 5. Bb2 e6 6. Be2 Nf6 7. O-O Bc5 8. Kh1
d4 9. exd4 Nxd4 10. Nxd4 Bxd4 11. c3 Bc5 12. d4 Bd6 13. c4 c5 14. Bf3 Qc7 15.
dxc5 Bxf4 16. Bxb7 Qxb7 17. Rxf4 Rd8 18. Rd4 Rxd4 19. Bxd4 Be4 20. Qe2 Qd7 21.
Bxf6 gxf6 22. Nc3 Bc6 23. Rd1 Qb7 24. Nd5 Bxd5 25. cxd5 e5 26. Qf3 Qe7 27. d6
Qd8 28. d7+ Kf8 29. c6 Kg7 30. Qg4+ 1-0

[Event "SF Neuenkirchen 2 - SF Beelen 2"]
[Site "Verbandsklasse 2016/2017"]
[Date "2016.12.10"]
[Round "4.5"]
[White "Bleier, Thomas"]
[Black "Ternes, Joachim"]
[Result "1/2-1/2"]
[WhiteElo "1648"]
[BlackElo "1606"]
[PlyCount "25"]
[EventDate "2016.??.??"]
[SourceDate "2016.10.13"]

1. e4 c6 2. Nc3 d5 3. Nf3 dxe4 4. Nxe4 Nd7 5. Qe2 Qc7 6. d4 Ngf6 7. Bg5 Nxe4 8.
Qxe4 Nf6 9. Bxf6 gxf6 10. Bc4 Bh6 11. O-O Qf4 12. Qxf4 Bxf4 13. g3 1/2-1/2

[Event "SF Neuenkirchen 2 - SF Beelen 2"]
[Site "Verbandsklasse 2016/2017"]
[Date "2016.12.10"]
[Round "4.6"]
[White "Winter, Reinhold"]
[Black "Leismann, Franz-Josef"]
[Result "1/2-1/2"]
[WhiteElo "1567"]
[BlackElo "1548"]
[PlyCount "47"]
[EventDate "2016.??.??"]
[SourceDate "2016.10.13"]

1. c4 e5 2. Nc3 Nf6 3. g3 c6 4. Bg2 d6 5. d4 exd4 6. Qxd4 Be7 7. Bg5 Nbd7 8.
Nf3 h6 9. Bf4 Nc5 10. Rd1 Ne6 11. Qd2 Nxf4 12. Qxf4 O-O 13. O-O Qb6 14. b3 Be6
15. Ne4 Nxe4 16. Qxe4 Rfe8 17. Nd4 Bf6 18. Nxe6 Rxe6 19. Qd3 Rae8 20. e3 Bg5
21. Qd4 Qa5 22. Qd2 Qb6 23. Qd4 Qa5 24. Qd2 1/2-1/2

[Event "SF Neuenkirchen 2 - SF Beelen 2"]
[Site "Verbandsklasse 2016/2017"]
[Date "2016.12.10"]
[Round "4.7"]
[White "Austermann, Reinhold"]
[Black "Barlage, Stefan"]
[Result "1-0"]
[WhiteElo "1796"]
[BlackElo "1123"]
[PlyCount "35"]
[EventDate "2016.??.??"]
[SourceDate "2016.10.13"]

1. d4 Nf6 2. e3 d5 3. Bd3 e6 4. Nd2 Bd6 5. f4 O-O 6. Qe2 Nc6 7. c3 Ne7 8. Ngf3
Nf5 9. Ne5 b6 10. O-O c5 11. Rf3 Ne4 12. Nxe4 dxe4 13. Bxe4 Bd7 14. Nxd7 Qxd7
15. Bxa8 Rxa8 16. e4 Nh4 17. Rh3 h6 18. Rxh4 1-0

[Event "SF Neuenkirchen 2 - SF Beelen 2"]
[Site "Verbandsklasse 2016/2017"]
[Date "2016.12.10"]
[Round "4.8"]
[White "Thomann, Henning"]
[Black "Rausch, Arndt"]
[Result "0-1"]
[WhiteElo "1288"]
[BlackElo "1674"]
[PlyCount "82"]
[EventDate "2016.??.??"]
[SourceDate "2016.10.13"]

1. d4 d5 2. c4 c6 3. Nc3 Nf6 4. Bg5 h6 5. Bxf6 gxf6 6. e3 Rg8 7. cxd5 cxd5 8.
g3 e6 9. Nge2 f5 10. Bg2 Nd7 11. Rc1 a6 12. Qa4 Rb8 13. Nf4 b5 14. Qc2 Nf6 15.
Bf3 Bd7 16. Nd3 b4 17. Ne2 Rc8 18. Qd2 Rxc1+ 19. Nexc1 a5 20. Nb3 Ne4 21. Bxe4
fxe4 22. Ndc5 Bc6 23. a3 a4 24. Nc1 bxa3 25. bxa3 Qb6 26. Qb4 Qxb4+ 27. axb4
Bxc5 28. dxc5 Kd7 29. Kd2 Bb5 30. Na2 Kc6 31. Nc3 Ra8 32. Ra1 f5 33. Nb1 e5 34.
Kc3 Rd8 35. Na3 d4+ 36. exd4 Rxd4 37. Nxb5 Kxb5 38. Rb1 a3 39. Kb3 Rxb4+ 40.
Ka2 Rxb1 41. Kxb1 Kxc5 0-1